Statistics for Find Out the Song: First Letter of Every Word Given

Click here to take the quiz!

General Stats

  • This quiz has been taken 85 times
    (72 since last reset)
  • The average score is 93 of 176

Answer Stats

LetterLyrics% Correct
II
98%
Tto
90%
Mmy
82%
Aa
81%
Llove
79%
Yyou
79%
Mme
77%
Tthe
77%
Ffor
74%
SSo
73%
Ddo
71%
Iit
69%
II'm
63%
AAnd
60%
Aand
60%
Yyour
56%
Oon
55%
TToo
55%
Ttoo
55%
Kknow
48%
Tthis
48%
Wwhat
45%
NNo
44%
Mmean
39%
Ssexy
39%
Ggoing
37%
Ssong
34%
Sshirt
31%
Wway
31%
Lleave
29%
Llittle
29%
Hhurts
27%
YYeah,
26%
Yyeah
26%
Yyeah,
26%
Ccat
23%
SongI'm Too Sexy
21%
NNew
19%
ArtistRight Said Fred
19%
LLove's
18%
Tturn
18%
Ccatwalk
16%
Ccatwalk,
16%
JJapan
15%
MMilan
15%
MMilan,
15%
Mmodel,
15%
Ttush
15%
YYork
15%
Ddancing
13%
Sshake
13%
Ddisco
11%
Pparty
11%
CCause
6%

Score Distribution

Percentile by Number Answered

Percent of People with Each Score

Your Score History

You have not taken this quiz since the last reset